Statistics for 1-50 15 seconds

Click here to take the quiz!

General Stats

  • This quiz has been taken 4,499 times
  • The average score is 26 of 50

Answer Stats

#Number% Correct
#1
100%
#2
99%
#3
99%
#4
98%
#5
97%
#6
97%
#7
96%
#8
96%
#9
95%
#10
86%
#11
86%
#12
84%
#13
82%
#14
82%
#15
82%
#16
81%
#17
79%
#18
78%
#19
77%
#21
74%
#20
70%
#22
64%
#23
61%
#24
54%
#25
53%
#26
53%
#27
50%
#28
47%
#29
46%
#31
41%
#32
40%
#30
39%
#33
31%
#34
26%
#35
23%
#36
23%
#37
21%
#38
18%
#39
17%
#41
16%
#40
14%
#42
13%
#43
11%
#44
10%
#45
7%
#46
5%
#47
4%
#48
4%
#50
4%
#49
3%

Score Distribution

Percentile by Number Answered

Percent of People with Each Score

Your Score History

You have not taken this quiz